000
00441nam a2200181Ia 4500
008
090123s9999 xx 000 0 und d
082
_b
41931
100
_a
पाटील दशरथ
245
_a
फुलवा
250
_a
1
260
_c
2007
300
_a
241
600
_a
पाटील दशरथ
630
_a
फुलवा
700
_a
पाटील दशरथ
730
_a
फुलवा
942
_c
BOOK
999
_c
80007
_d
80007